Normal view
MARC view
- Gertler, Nat
Entry Personal Name
001 - CONTROL NUMBER
- control field: 112902
003 - CONTROL NUMBER IDENTIFIER
- control field: NUST
005 - DATE AND TIME OF LATEST TRANSACTION
- control field: 20230531110002.0
008 - FIXED-LENGTH DATA ELEMENTS
- fixed length control field: 230531|| aca||aabn | a|a d
040 ## - CATALOGING SOURCE
- Original cataloging agency: NUST
- Transcribing agency: NUST
100 ## - HEADING--PERSONAL NAME
- Personal name: Gertler, Nat
670 ## - SOURCE DATA FOUND
- Source citation: Work cat.: (NUST)180435: Gertler, Nat., The complete idiot's guide to Microsoft PowerPoint 97 /, c1996.
